000
00250nam a22001217a 4500
041
_a
ENG
100
_a
Plskunov.N
245
_a
Differential And Integral Calculus
260
_a
Delhi
_b
Peace Pub
_c
1998
300
_a
895
650
_a
48
856
_u
48
999
_c
3112
_d
3112